• 首页
  • 本馆介绍
  • 公告通知
  • 最新文献
  • 馆藏检索
  • 电子资源
  • 读者导购
  • 参考咨询
  • 我的图书馆
  • 登录
  • 详细信息显示
  • 放入我的书架
  • 预约/预借图书
  • 作者相关作品
  • 分类相关作品
  • 丛书相关作品
  • 出版社相关作品

书目信息

  • 表格格式
  • 工作单格式
  • 卡片格式
题名:
种姓与印度教社会
    
 
作者: 尚会鹏 著
分册:  
出版信息: 北京   北京大学出版社  2016
页数: 314页
开本: 24cm
丛书名: 世界政治研究丛书
单 册:
中图分类: D735.121 , B982
科图分类:
主题词: 种姓--zhong xing--制度--研究--印度 , 印度教--yin du jiao--研究
电子资源:
ISBN: 978-7-301-25774-6
000 01029nam0 22002891 450
001 1738588541
005 20170628112650.87
010    @a978-7-301-25774-6@dCNY58.00
100    @a20160408d2016 em y0chiy50 ea
101 0  @achi
102    @aCN@b110000
105    @ay z 000yy
106    @ar
200 1  @a种姓与印度教社会@9zhong xing yu yin du jiao she hui@f尚会鹏著
205    @a修订本
210    @a北京@c北京大学出版社@d2016
215    @a314页@d24cm
225 1  @a世界政治研究丛书@9shi jie zheng zhi yan jiu cong shu
330    @a本书利用社会人类学家的调查报告和大量的文献材料,对种姓制度的起源、概念、构造特点、变化、种姓与印度教、种姓与印度社会的现代化以及有关种姓和印度教社会的理论等作了深入系统的研究。
461  0 @12001 @a世界政治研究丛书
606 0  @a种姓@9zhong xing@x制度@x研究@y印度
606 0  @a印度教@9yin du jiao@x研究
690    @aD735.121@v5
690    @aB982@v5
701  0 @a尚会鹏@9shang hui peng@f(1953~)@4著
801  0 @aCN@bTANGWEI@c20170621
905    @b1015417-22@dD735.121@e420=2@f6
    
    种姓与印度教社会/尚会鹏著 .-修订本.-北京:北京大学出版社,2016
    314页;24cm.-(世界政治研究丛书)
    
    
    ISBN 978-7-301-25774-6:CNY58.00
    本书利用社会人类学家的调查报告和大量的文献材料,对种姓制度的起源、概念、构造特点、变化、种姓与印度教、种姓与印度社会的现代化以及有关种姓和印度教社会的理论等作了深入系统的研究。
●
相关链接 在E读中查询图书 在五车中查询图书 在当当中查询图书 在豆瓣中查询图书


正题名:种姓与印度教社会     索取号:D735.121/420=2         预约/预借

序号 登录号 条形码 馆藏地/架位号 状态 备注
1 1015417   210154170   第一样本阅览室/ [索取号:D735.121/420=2] 在馆    
2 1015418   210154189   教育系资料室/ [索取号:D735.121/420=2] 在馆    
3 1015419   210154198   教育系资料室/ [索取号:D735.121/420=2] 在馆    
4 1015420   210154205   教育系资料室/ [索取号:D735.121/420=2] 在馆    
5 1015421   210154214   第一借阅区/ [索取号:D735.121/420=2] 在馆    
6 1015422   210154223   第一借阅区/ [索取号:D735.121/420=2] 在馆    
唐山师范学院图书馆 欢迎您!
大连网信软件有限公司© 版权所有